000 00648cam a22002413a 4500
001 31094
003 PGUSA
005 20140828083655.0
008 100126s2010||||xxu|||||s|||||000 1 eng d
040 _aPGUSA
_beng
042 _adc
050 4 _aPS
100 1 _aNourse, Alan Edward,
_d1928-1992
245 1 0 _aBear Trap
_h[electronic resource] /
_cAlan Edward Nourse
260 _bProject Gutenberg,
_c2010
506 _aPublic domain in the USA.
516 _aElectronic text
653 _aScience fiction
653 _aWar stories
830 0 _aProject Gutenberg
_v31094
856 4 0 _uhttp://www.gutenberg.org/ebooks/31094
942 _cEB
999 _c260349
_d260349